000 00387 a2200157 4500
001 45384
020 _a8585651431
040 _cAnchieta - Aquarius
100 _aSilva, Flávio Caetano da
240 1 0 _aA história da Bahia em quadrinhos
_lpor
245 1 0 _aA história da Bahia em quadrinhos
300 _a42
362 0 _a1999
650 4 _aLiteratura infanto-juvenil
942 _cBK
999 _c45384
_d45384